[Event "SLO-chT2 East"]
[Site "Slovenia"]
[Date "2016.11.12"]
[Round "6"]
[White "Mostoegl, Konrad"]
[Black "Lazar, Ales Sr"]
[Result "0-1"]
[WhiteElo "1962"]
[BlackElo "2130"]
[PlyCount "34"]
[EventDate "2016.09.24"]
[EventType "team-tourn"]
[EventRounds "9"]
[EventCountry "SLO"]
[SourceTitle "EXT 2019"]
[Source "ChessBase"]
[SourceDate "2018.10.10"]
[SourceVersion "1"]
[SourceVersionDate "2018.10.10"]
[SourceQuality "1"]
[WhiteTeam "Dravograd"]
[BlackTeam "Maribor Gambit"]
[WhiteTeamCountry "SLO"]
[BlackTeamCountry "SLO"]

1. e4 c5 2. d4 cxd4 3. Nf3 Nc6 4. Nxd4 g6 5. Bc4 Bg7 6. c3 Nxd4 7. cxd4 Qb6 8. e5 d6 9. f4 Nh6 10. 0-0 Nf5 11. Kh1 0-0 12. Nc3 Qxd4 13. Qxd4 Nxd4 14. exd6 exd6 15. Nd5 Be6 16. a4 Rfe8 17. b3 Nxb3 0-1

[Event "Nova Gorica op-A 18th"]
[Site "Nova Gorica"]
[Date "2013.01.25"]
[Round "1"]
[White "Jarc, Jakob"]
[Black "Lazar, Ales Sr"]
[Result "0-1"]
[WhiteElo "1689"]
[BlackElo "2131"]
[PlyCount "116"]
[EventDate "2013.01.25"]
[EventType "swiss"]
[EventRounds "9"]
[EventCountry "SLO"]
[SourceTitle "CBM 152 Extra"]
[Source "ChessBase"]
[SourceDate "2013.02.25"]
[SourceVersion "1"]
[SourceVersionDate "2013.02.25"]
[SourceQuality "1"]

1. d4 d5 2. Nf3 Nf6 3. Bf4 c6 4. e3 Bf5 5. Bd3 Bxd3 6. cxd3 Nbd7 7. h3 e6 8. 0-0 Be7 9. Nbd2 0-0 10. Ne5 c5 11. Nxd7 Qxd7 12. dxc5 Bxc5 13. d4 Be7 14. Rc1 Rfc8 15. Qb3 Rxc1 16. Rxc1 Rc8 17. Rc3 Rc6 18. Qc2 Bb4 19. Rxc6 Qxc6 20. Qxc6 bxc6 21. Nb3 Nd7 22. a3 Bf8 23. Kf1 f6 24. Bc7 Kf7 25. Ke2 Ke8 26. f3 Nb6 27. Bb8 a6 28. Na5 Kd7 29. b4 Be7 30. Kd3 Bd8 31. Bg3 Na4 32. Nb7 Be7 33. Kc2 Nb6 34. Bf2 Nc4 35. Kb3 Kc7 36. Nc5 Bxc5 37. bxc5 Kd7 38. a4 Ke7 39. Kc3 Kf7 40. e4 g6 41. exd5 exd5 42. g4 h5 43. Bg3 f5 44. Bf4 hxg4 45. hxg4 Kf6 46. gxf5 Kxf5 47. Bc1 g5 48. Kb3 g4 49. fxg4+ Kxg4 50. Kc3 Kf3 51. Kd3 Kf2 52. Kc2 Ke2 53. Bh6 Kf3 54. Bc1 Ke4 55. Kc3 Ne3 56. Kb4 Kxd4 57. Ka5 Nc4+ 58. Kb4 a5+ 0-1

[Event "SLO-chT1 Ost"]
[Site "Maribor"]
[Date "2012.10.19"]
[Round "6"]
[White "Lazar, Ales Sr"]
[Black "Spalir, Jernej"]
[Result "0-1"]
[WhiteElo "2143"]
[BlackElo "2231"]
[PlyCount "34"]
[EventDate "2012.10.11"]
[EventType "team-tourn"]
[EventRounds "9"]
[EventCountry "SLO"]
[SourceTitle "EXT 2022"]
[Source "ChessBase"]
[SourceDate "2021.10.06"]
[SourceVersion "1"]
[SourceVersionDate "2021.10.06"]
[SourceQuality "1"]

1. e4 c6 2. d4 d5 3. Nc3 dxe4 4. Nxe4 Bf5 5. Ng3 Bg6 6. Nf3 Nd7 7. Bd3 e6 8. 0-0 Ngf6 9. c4 c5 10. b3 cxd4 11. Nxd4 Qb6 12. Bb2 Bc5 13. Nf3 Ng4 14. Bxg6 Bxf2+ 15. Kh1 hxg6 16. Ne4 Qe3 17. Neg5 Qxg5 0-1

[Event "SLO-chT1 Ost"]
[Site "Maribor"]
[Date "2012.10.13"]
[Round "4"]
[White "Lazar, Ales Sr"]
[Black "Rogulj, Branko"]
[Result "0-1"]
[WhiteElo "2143"]
[BlackElo "2414"]
[PlyCount "62"]
[EventDate "2012.10.11"]
[EventType "team-tourn"]
[EventRounds "9"]
[EventCountry "SLO"]
[SourceTitle "EXT 2022"]
[Source "ChessBase"]
[SourceDate "2021.10.06"]
[SourceVersion "1"]
[SourceVersionDate "2021.10.06"]
[SourceQuality "1"]

1. e4 Nf6 2. e5 Nd5 3. d4 d6 4. Nf3 Bg4 5. Be2 c6 6. 0-0 Bxf3 7. Bxf3 dxe5 8. dxe5 e6 9. c4 Ne7 10. Qxd8+ Kxd8 11. Rd1+ Nd7 12. Be4 Kc7 13. f4 Nf5 14. Bxf5 Bc5+ 15. Kf1 exf5 16. Nc3 Rhe8 17. Na4 Bf8 18. Bd2 f6 19. exf6 Nxf6 20. Bc3 Ng4 21. Rd3 Nxh2+ 22. Kf2 Ng4+ 23. Kf3 Re4 24. b3 Rae8 25. Bd2 Bb4 26. Kg3 Bxd2 27. Rxd2 Re3+ 28. Kh4 R8e6 29. Rad1 Rh6+ 30. Kg5 Rg6+ 31. Kh5 Nf6+ 0-1

[Event "Pula op 26th"]
[Site "Pula"]
[Date "2012.06.10"]
[Round "2"]
[White "Lazar, Ales Sr"]
[Black "Danner, Georg"]
[Result "1/2-1/2"]
[WhiteElo "2129"]
[BlackElo "2401"]
[PlyCount "110"]
[EventDate "2012.06.09"]
[EventType "swiss"]
[EventRounds "9"]
[EventCountry "CRO"]
[SourceTitle "CBM 148 Extra"]
[Source "ChessBase"]
[SourceDate "2012.06.22"]
[SourceVersion "1"]
[SourceVersionDate "2012.06.22"]
[SourceQuality "1"]

1. e4 c5 2. Nc3 Nc6 3. f4 g6 4. Nf3 Bg7 5. Bb5 Nd4 6. 0-0 Nxb5 7. Nxb5 d5 8. exd5 a6 9. Nc3 Nf6 10. d4 Nxd5 11. dxc5 Nxc3 12. Qxd8+ Kxd8 13. bxc3 Bxc3 14. Rb1 Kc7 15. Rb3 Bf6 16. Bd2 a5 17. Rfb1 Ra7 18. Rb5 Bd7 19. Bxa5+ Kc8 20. Bb6 Rxa2 21. Ra5 Rxa5 22. Bxa5 Bf5 23. Ne5 Bxc2 24. Rc1 Be4 25. Rd1 Bxe5 26. fxe5 Bf5 27. Bb6 h5 28. Kf2 Be4 29. g3 e6 30. Rd6 Bc6 31. h4 Rf8 32. Ke3 Bd7 33. Rd1 Bc6 34. Rd6 f6 35. Rxe6 fxe5 36. Rxg6 Kd7 37. Rg5 Rf3+ 38. Ke2 e4 39. Rxh5 Bb5+ 40. Kd1 e3 41. Re5 e2+ 42. Kd2 Rd3+ 43. Kc2 Rxg3 44. Ba5 Kc6 45. Bd2 Bd3+ 46. Kc3 Kb5 47. Be1 Rh3 48. Kd4 Bg6 49. c6+ Kxc6 50. Re6+ Kd7 51. Rxg6 Rh1 52. Rg7+ Kc6 53. Rg6+ Kd7 54. Rg7+ Kc6 55. Rg6+ Kd7 1/2-1/2

[Event "SLO-chT1 Ost"]
[Site "Sentjur"]
[Date "2011.10.23"]
[Round "9"]
[White "Spalir, Branko"]
[Black "Lazar, Ales Sr"]
[Result "0-1"]
[WhiteElo "2088"]
[BlackElo "2153"]
[PlyCount "89"]
[EventDate "2011.10.13"]
[EventType "team-tourn"]
[EventRounds "9"]
[EventCountry "SLO"]
[SourceTitle "EXT 2022"]
[Source "ChessBase"]
[SourceDate "2021.10.06"]
[SourceVersion "1"]
[SourceVersionDate "2021.10.06"]
[SourceQuality "1"]
[WhiteTeam "Slovenj Gradec"]
[BlackTeam "Hoce"]
[WhiteTeamCountry "SLO"]
[BlackTeamCountry "SLO"]

1. e4 c5 2. Nc3 a6 3. g3 Nc6 4. Bg2 g6 5. d3 Bg7 6. f4 e6 7. Nf3 Nge7 8. 0-0 0-0 9. Ne2 d5 10. c3 b5 11. Qc2 Bb7 12. e5 Rc8 13. Be3 d4 14. Bf2 dxc3 15. bxc3 Qc7 16. Ng5 Na5 17. Bxb7 Nxb7 18. Rfb1 c4 19. d4 Nd5 20. a4 Qc6 21. Ra2 h6 22. Ne4 Ra8 23. axb5 axb5 24. Rab2 Nc7 25. g4 Ra5 26. N2g3 Rfa8 27. Qe2 Ra1 28. Qf3 Rxb1+ 29. Rxb1 Nd5 30. Be1 Ra3 31. Qf2 f5 32. exf6 Nxf6 33. Nxf6+ Bxf6 34. Qg2 Qxg2+ 35. Kxg2 Nd6 36. Ne2 g5 37. Kf3 Rb3 38. Ra1 b4 39. fxg5 hxg5 40. Ra6 Nf5 41. Rxe6 Nxd4+ 42. Nxd4 Bxd4 43. Ke2 Bxc3 44. Bxc3 Rxc3 45. Rg6+ 0-1

[Event "NATO-ch 22nd"]
[Site "Kaunas"]
[Date "2011.08.11"]
[Round "6"]
[White "Lazar, Ales Sr"]
[Black "Andersen, Hans Christoph"]
[Result "0-1"]
[WhiteElo "2150"]
[BlackElo "2211"]
[PlyCount "54"]
[EventDate "2011.08.08"]
[EventType "swiss"]
[EventRounds "7"]
[EventCountry "LTU"]
[SourceTitle "CBM 143 Extra"]
[Source "ChessBase"]
[SourceDate "2011.08.29"]
[SourceVersion "1"]
[SourceVersionDate "2011.08.29"]
[SourceQuality "1"]

1. e4 d5 2. exd5 Qxd5 3. Nc3 Qa5 4. Nf3 Nf6 5. Bb5+ c6 6. Be2 Bg4 7. 0-0 e6 8. d3 Nbd7 9. Bf4 Be7 10. a3 0-0 11. h3 Bh5 12. Nd2 Bxe2 13. Qxe2 Nd5 14. Nxd5 cxd5 15. c4 Bf6 16. Rab1 Rfd8 17. b4 Qxa3 18. cxd5 exd5 19. Qf3 Nf8 20. g4 Ne6 21. Rb3 Qa2 22. Rbb1 Nd4 23. Qd1 Re8 24. Be3 Nc2 25. Bc5 Na3 26. Rb3 Nb5 27. Nf3 Nc3 0-1

[Event "SLO-CupT"]
[Site "Slovenia"]
[Date "2010.12.05"]
[Round "4"]
[White "Lazar, Ales Sr"]
[Black "Gjuran, Denis"]
[Result "1/2-1/2"]
[WhiteElo "2115"]
[BlackElo "2340"]
[PlyCount "98"]
[EventDate "2010.05.09"]
[EventType "team-swiss"]
[EventRounds "5"]
[EventCountry "SLO"]
[SourceTitle "EXT 2024"]
[Source "ChessBase"]
[SourceDate "2023.10.10"]
[SourceVersion "1"]
[SourceVersionDate "2023.10.10"]
[SourceQuality "1"]
[WhiteTeam "Hoce"]
[BlackTeam "Radenska Pomgrad"]
[WhiteTeamCountry "SLO"]
[BlackTeamCountry "SLO"]

1. e4 c5 2. Nc3 e6 3. f4 d5 4. Nf3 Nc6 5. Bb5 Nge7 6. Qe2 Qd6 7. exd5 exd5 8. Ne5 f6 9. Nxc6 bxc6 10. Ba4 Kf7 11. d3 Nf5 12. 0-0 Bd7 13. Qf2 a5 14. Bd2 Be7 15. Rae1 h5 16. Ne2 Rhb8 17. Bc1 Rb4 18. b3 d4 19. Ng3 Nxg3 20. Qxg3 g6 21. Rf2 Bf8 22. Qh4 Bf5 23. h3 Qd7 24. Rfe2 Rbb8 25. Bd2 Bd6 26. Qf2 Qc7 27. Qf3 Bd7 28. Qf2 Rh8 29. Qf3 Rac8 30. Rf1 Rcd8 31. Qf2 Rde8 32. Rxe8 Rxe8 33. Qf3 f5 34. g3 Rc8 35. Re1 Be6 36. h4 Bd5 37. Qf2 Rh8 38. Re2 Qd8 39. Qe1 Bc7 40. c4 dxc3 41. Bxc3 Re8 42. Rxe8 Qxe8 43. Qxe8+ Kxe8 44. Kf2 Bb6 45. Ke2 Kd7 46. Be5 Kc8 47. Bd6 Kd7 48. Be5 Kc8 49. Bd6 Kd7 1/2-1/2

[Event "SLO-chT1 Ost"]
[Site "Sentjur"]
[Date "2010.11.20"]
[Round "8"]
[White "Lazar, Ales Sr"]
[Black "Plesec, Damjan"]
[Result "1-0"]
[WhiteElo "2146"]
[BlackElo "2308"]
[PlyCount "93"]
[EventDate "2010.11.04"]
[EventType "team-tourn"]
[EventRounds "9"]
[EventCountry "SLO"]
[SourceTitle "EXT 2022"]
[Source "ChessBase"]
[SourceDate "2021.10.06"]
[SourceVersion "1"]
[SourceVersionDate "2021.10.06"]
[SourceQuality "1"]
[WhiteTeam "Hoce"]
[BlackTeam "Lendava Rokada"]
[WhiteTeamCountry "SLO"]
[BlackTeamCountry "SLO"]

1. e4 e6 2. d4 d5 3. Nd2 g6 4. Ngf3 Bg7 5. c3 Ne7 6. Bd3 Nd7 7. 0-0 0-0 8. Re1 c5 9. exd5 exd5 10. Bc2 Nc6 11. dxc5 Nxc5 12. Nb3 Nxb3 13. Bxb3 d4 14. Nxd4 Nxd4 15. cxd4 Bxd4 16. Bh6 Qf6 17. Qd2 Bf5 18. Bxf8 Rxf8 19. Rac1 Bxb2 20. Rc7 Be5 21. Rxf7 Bxh2+ 22. Kxh2 Rxf7 23. Qe3 Bd7 24. Qxa7 Bc6 25. Qe3 Kg7 26. Bxf7 Kxf7 27. Kg1 h5 28. Qe5 Qd8 29. Qe6+ Kg7 30. Qe7+ Qxe7 31. Rxe7+ Kf6 32. Re3 Kf5 33. g3 g5 34. Rc3 Kg4 35. a4 Bd5 36. Rc5 Bf3 37. a5 Be2 38. Kh2 h4 39. Rc7 hxg3+ 40. fxg3 Ba6 41. Rf7 Kh5 42. Kg1 Kg6 43. Rf8 Kh5 44. Kf2 Bc4 45. Rd8 Be6 46. Rd4 Bb3 47. Rd7 1-0

[Event "Sentjur Ipavec Memorial 11th"]
[Site "Sentjur"]
[Date "2010.09.22"]
[Round "8"]
[White "Plahuta, Darko"]
[Black "Lazar, Ales Sr"]
[Result "0-1"]
[WhiteElo "2069"]
[BlackElo "2146"]
[PlyCount "73"]
[EventDate "2010.09.17"]
[EventType "swiss"]
[EventRounds "9"]
[EventCountry "SLO"]
[SourceTitle "CBM 138 Extra"]
[Source "ChessBase"]
[SourceDate "2010.10.29"]
[SourceVersion "1"]
[SourceVersionDate "2010.10.29"]
[SourceQuality "1"]

1. d4 d5 2. Nf3 Nf6 3. c4 e6 4. Nc3 c6 5. e3 Nbd7 6. Qc2 Bd6 7. b3 0-0 8. Bd3 e5 9. dxe5 Nxe5 10. Nxe5 Bxe5 11. Bb2 h6 12. Rd1 Qa5 13. 0-0 dxc4 14. bxc4 Be6 15. f4 Bc7 16. e4 Ng4 17. Bc1 Bb6+ 18. Kh1 Nf2+ 19. Rxf2 Bxf2 20. f5 Bd7 21. Qxf2 Qxc3 22. Bb2 Qb4 23. f6 g6 24. e5 Be6 25. Qh4 Rfd8 26. Qxh6 Qf8 27. Qc1 Rd7 28. Bc2 Rxd1+ 29. Bxd1 Kh7 30. Qe3 Rd8 31. Bf3 Qh6 32. Qg1 Bxc4 33. Bc1 Qh4 34. Qe3 Bxa2 35. h3 Be6 36. Kh2 a5 37. Kg1 0-1

[Event "Pula op 24th"]
[Site "Pula"]
[Date "2010.06.22"]
[Round "4"]
[White "Lazar, Ales Sr"]
[Black "Likavsky, Tomas"]
[Result "1-0"]
[WhiteElo "2115"]
[BlackElo "2473"]
[PlyCount "125"]
[EventDate "2010.06.19"]
[EventType "swiss"]
[EventRounds "9"]
[EventCountry "CRO"]
[SourceTitle "CBM 137 Extra"]
[Source "ChessBase"]
[SourceDate "2010.09.01"]
[SourceVersion "1"]
[SourceVersionDate "2010.09.01"]
[SourceQuality "1"]

1. e4 c5 2. Nc3 Nc6 3. f4 e6 4. Nf3 d5 5. Bb5 Nf6 6. d3 Be7 7. e5 Nd7 8. Bxc6 bxc6 9. 0-0 0-0 10. Ne2 Nb6 11. Ng3 d4 12. Ne4 f5 13. exf6 gxf6 14. b3 Nd5 15. Qe2 Kh8 16. Kh1 Rg8 17. Bd2 Qf8 18. Rae1 Bd7 19. c4 dxc3 20. Nxc3 Qg7 21. Ne4 Rab8 22. Bc1 a5 23. g3 h6 24. Bb2 Qg4 25. Nc3 Qh3 26. f5 Qxf5 27. Ne5 Qxe5 28. Qxe5 fxe5 29. Nxd5 Bd6 30. Rxe5 cxd5 31. Rxe6+ d4 32. Rxh6+ Kg7 33. Rxd6 Bh3 34. Rc1 Rbe8 35. Bxd4+ Kh7 36. Bxc5 Re2 37. Bd4 Rge8 38. Rc7+ R8e7 39. Rxe7+ Rxe7 40. Kg1 Re2 41. a3 Rg2+ 42. Kf1 Ra2+ 43. Ke1 Rxa3 44. Rb6 a4 45. bxa4 Rxa4 46. Bb2 Ra7 47. Kd2 Rf7 48. Bf6 Kg6 49. Be5+ Kf5 50. Bf4 Ra7 51. Rb5+ Kg4 52. d4 Kf3 53. d5 Ra2+ 54. Kc3 Rxh2 55. d6 Bd7 56. Rb7 Rh7 57. Kd4 Kg4 58. Ke5 Rh5+ 59. Kf6 Bc6 60. Rg7+ Kf3 61. Rc7 Ba4 62. d7 Rd5 63. Ke7 1-0

[Event "Pula op 24th"]
[Site "Pula"]
[Date "2010.06.20"]
[Round "2"]
[White "Praznik, Niko"]
[Black "Lazar, Ales Sr"]
[Result "1/2-1/2"]
[WhiteElo "2354"]
[BlackElo "2115"]
[PlyCount "34"]
[EventDate "2010.06.19"]
[EventType "swiss"]
[EventRounds "9"]
[EventCountry "CRO"]
[SourceTitle "CBM 137 Extra"]
[Source "ChessBase"]
[SourceDate "2010.09.01"]
[SourceVersion "1"]
[SourceVersionDate "2010.09.01"]
[SourceQuality "1"]

1. c4 Nf6 2. g3 c6 3. Nf3 d5 4. b3 Bg4 5. Bb2 Nbd7 6. Bg2 e6 7. 0-0 Be7 8. d3 0-0 9. Nbd2 Qa5 10. a3 dxc4 11. Nxc4 Qh5 12. Ne3 Bh3 13. Rc1 Rfd8 14. Qc2 Bxg2 15. Kxg2 Ng4 16. Nxg4 Qxg4 17. Qc4 Qf5 1/2-1/2

[Event "Nova Gorica op-A 15th"]
[Site "Nova Gorica"]
[Date "2010.02.04"]
[Round "7"]
[White "Lazar, Ales Sr"]
[Black "Tonel, Giulia"]
[Result "0-1"]
[WhiteElo "2128"]
[BlackElo "2004"]
[PlyCount "76"]
[EventDate "2010.01.31"]
[EventType "swiss"]
[EventRounds "9"]
[EventCountry "SLO"]
[SourceTitle "CBM 134 Extra"]
[Source "ChessBase"]
[SourceDate "2010.03.03"]
[SourceVersion "1"]
[SourceVersionDate "2010.03.03"]
[SourceQuality "1"]

1. e4 c5 2. Nf3 Nc6 3. c3 Nf6 4. e5 Nd5 5. d4 cxd4 6. cxd4 d6 7. Bc4 e6 8. 0-0 Be7 9. a3 0-0 10. Qe2 a6 11. b4 b5 12. Bd3 Bb7 13. Be4 Rc8 14. Bb2 Nb8 15. g3 Nd7 16. Nbd2 N7b6 17. Rac1 Qd7 18. exd6 Qxd6 19. Ne5 f5 20. Bg2 Na4 21. Nb3 Nf4 22. gxf4 Bxg2 23. Kxg2 Qd5+ 24. Qf3 Nxb2 25. Qxd5 exd5 26. Nc5 Bd6 27. Nxa6 Nc4 28. a4 bxa4 29. b5 Rf6 30. Rfd1 a3 31. Nc5 Bxc5 32. dxc5 Rxc5 33. Nd7 Rg6+ 34. Kf1 Rxb5 35. Ne5 Nxe5 36. Rc8+ Kf7 37. fxe5 Ra6 38. Ra1 a2 0-1

[Event "Nova Gorica op-A 15th"]
[Site "Nova Gorica"]
[Date "2010.01.31"]
[Round "2"]
[White "Lazar, Ales Sr"]
[Black "Petrovic, Marko"]
[Result "0-1"]
[WhiteElo "2128"]
[BlackElo "2017"]
[PlyCount "66"]
[EventDate "2010.01.31"]
[EventType "swiss"]
[EventRounds "9"]
[EventCountry "SLO"]
[SourceTitle "CBM 134 Extra"]
[Source "ChessBase"]
[SourceDate "2010.03.03"]
[SourceVersion "1"]
[SourceVersionDate "2010.03.03"]
[SourceQuality "1"]

1. e4 e6 2. d4 d5 3. Nd2 Nf6 4. Bd3 c5 5. e5 Nfd7 6. c3 Nc6 7. Ngf3 cxd4 8. cxd4 Qb6 9. Nb3 Bb4+ 10. Kf1 f6 11. Bf4 Be7 12. h4 0-0 13. Ng5 fxg5 14. Bxh7+ Kxh7 15. Qh5+ Kg8 16. hxg5 Ndxe5 17. Bxe5 Nxe5 18. Re1 Bxg5 19. Qh7+ Kf7 20. Qh5+ Kg8 21. Qh7+ Kf7 22. Qh5+ Ng6 23. Qxg5 Qd8 24. Qg3 Rh8 25. Rxh8 Nxh8 26. Re3 b6 27. Nd2 Kg8 28. Re5 Qc7 29. Nf3 Nf7 30. Qg6 Ba6+ 31. Kg1 Nxe5 32. Nxe5 Qc1+ 33. Kh2 Qh6+ 0-1